[Event "XX Open Internacional Sant Marti 2018"]
[Site "Barcelona"]
[Date "2018.07.21"]
[Round "9.9"]
[White "Fernandez Cardoso, Alexey"]
[Black "Frayna, Janelle Mae"]
[Result "1/2-1/2"]
[BlackElo "2315"]
[WhiteElo "2439"]
[LiveChessVersion "1.4.8"]

1. e4 {[%clk 1:09:43]} g6 {[%clk 1:30:46]} 2. d4 {[%clk 1:09:52]} Bg7
{[%clk 1:31:10]} 3. Nc3 {[%clk 1:08:37]} d6 {[%clk 1:31:33]} 4. h3
{[%clk 1:07:39]} a6 {[%clk 1:29:30]} 5. a4 {[%clk 1:07:22]} Nf6 {[%clk 1:28:09]}
6. Nge2 {[%clk 1:07:38]} h5 {[%clk 1:23:03]} 7. g3 {[%clk 1:07:39]} O-O
{[%clk 1:22:42]} 8. Bg2 {[%clk 1:08:02]} e5 {[%clk 1:19:00]} 9. O-O
{[%clk 1:05:56]} Nbd7 {[%clk 1:17:53]} 10. dxe5 {[%clk 1:01:27]} dxe5
{[%clk 1:17:57]} 11. Be3 {[%clk 0:59:48]} Qe7 {[%clk 1:15:06]} 12. a5
{[%clk 0:55:15]} Rd8 {[%clk 1:06:47]} 13. Qc1 {[%clk 0:55:37]} b5
{[%clk 1:06:27]} 14. axb6 {[%clk 0:52:33]} cxb6 {[%clk 1:06:53]} 15. Nd5
{[%clk 0:52:37]} Nxd5 {[%clk 1:04:19]} 16. exd5 {[%clk 0:53:01]} Rb8
{[%clk 1:04:14]} 17. c4 {[%clk 0:51:33]} Nc5 {[%clk 1:03:41]} 18. Qc3
{[%clk 0:50:03]} a5 {[%clk 1:02:57]} 19. b4 {[%clk 0:49:40]} axb4
{[%clk 1:03:12]} 20. Qxb4 {[%clk 0:50:01]} Bf5 {[%clk 1:03:36]} 21. Nc3
{[%clk 0:43:06]} Qd7 {[%clk 0:59:09]} 22. Kh2 {[%clk 0:40:39]} Bd3
{[%clk 0:52:06]} 23. Rfd1 {[%clk 0:39:49]} e4 {[%clk 0:52:32]} 24. Ra2
{[%clk 0:34:58]} Be5 {[%clk 0:50:21]} 25. Nb5 {[%clk 0:34:39]} Ra8
{[%clk 0:45:10]} 26. Rdd2 {[%clk 0:27:16]} h4 {[%clk 0:43:52]} 27. Bd4
{[%clk 0:22:52]} hxg3+ {[%clk 0:42:03]} 28. fxg3 {[%clk 0:23:19]} Qe7
{[%clk 0:30:51]} 29. d6 {[%clk 0:18:16]} Qg5 {[%clk 0:28:37]} 30. Bxe5
{[%clk 0:18:22]} Qxe5 {[%clk 0:29:04]} 31. Rxa8 {[%clk 0:18:03]} Rxa8
{[%clk 0:29:31]} 32. Nc7 {[%clk 0:17:14]} Rd8 {[%clk 0:29:30]} 33. Qxb6
{[%clk 0:17:03]} Rxd6 {[%clk 0:25:17]} 34. Qb8+ {[%clk 0:16:48]} Kh7
{[%clk 0:25:42]} 35. Qf8 {[%clk 0:14:00]} Rd7 {[%clk 0:25:11]} 36. Nd5
{[%clk 0:11:58]} e3 {[%clk 0:18:22]} 37. Rd1 {[%clk 0:12:20]} e2 {[%clk 0:18:09]}
38. Re1 {[%clk 0:12:39]} Bxc4 {[%clk 0:10:59]} 39. Qxc5 {[%clk 0:04:51]} 1/2-1/2

[Event "XX Open Internacional Sant Marti 2018"]
[Site "Barcelona"]
[Date "2018.07.21"]
[Round "9.10"]
[White "Glimbrant, Torbjorn"]
[Black "Miciano, John Marvin"]
[Result "1/2-1/2"]
[BlackElo "2411"]
[WhiteElo "2213"]
[LiveChessVersion "1.4.8"]

1. Nf3 {[%clk 1:31:17]} g6 2. e4 d6 {[%clk 1:24:41]} 3. d4 {[%clk 1:31:21]} Nf6
{[%clk 1:24:44]} 4. Nc3 {[%clk 1:31:36]} Bg7 5. h3 {[%clk 1:31:30]} O-O
{[%clk 1:23:11]} 6. Be3 {[%clk 1:31:29]} c6 {[%clk 1:21:01]} 7. a4
{[%clk 1:31:34]} Qa5 {[%clk 1:16:17]} 8. Qd2 {[%clk 1:27:20]} Nbd7
{[%clk 1:09:13]} 9. Bd3 {[%clk 1:18:39]} e5 {[%clk 1:05:54]} 10. O-O
{[%clk 1:16:50]} Re8 {[%clk 1:04:14]} 11. dxe5 {[%clk 1:15:02]} Nxe5
{[%clk 1:02:58]} 12. Nxe5 {[%clk 1:14:43]} dxe5 {[%clk 1:03:12]} 13. Nd5
{[%clk 1:09:13]} Qxd2 {[%clk 1:01:42]} 14. Nxf6+ {[%clk 1:09:36]} Bxf6
{[%clk 1:02:10]} 15. Bxd2 {[%clk 1:09:55]} Be6 {[%clk 1:01:20]} 16. a5
{[%clk 1:09:12]} Be7 {[%clk 0:58:30]} 17. Ra4 {[%clk 0:54:10]} Red8
{[%clk 0:51:51]} 18. Be3 {[%clk 0:53:37]} Kg7 {[%clk 0:48:30]} 19. Bc4
{[%clk 0:50:40]} Bxc4 {[%clk 0:47:32]} 20. Rxc4 {[%clk 0:51:02]} a6
{[%clk 0:47:59]} 21. g3 {[%clk 0:43:44]} Rd7 {[%clk 0:47:14]} 22. Kg2
{[%clk 0:43:24]} Rad8 {[%clk 0:46:36]} 23. Bb6 {[%clk 0:41:53]} Re8
{[%clk 0:45:40]} 24. Re1 {[%clk 0:39:22]} Bg5 {[%clk 0:42:40]} 25. h4
{[%clk 0:39:15]} Bd8 {[%clk 0:40:18]} 26. Rb4 {[%clk 0:32:29]} Rd2
{[%clk 0:35:13]} 27. Bxd8 {[%clk 0:31:30]} Rexd8 {[%clk 0:35:38]} 28. Rxb7
{[%clk 0:31:44]} Rxc2 {[%clk 0:36:02]} 29. Re3 {[%clk 0:31:58]} Rc5
{[%clk 0:31:58]} 30. Rf3 {[%clk 0:27:05]} Rf8 {[%clk 0:32:19]} 31. Rc3
{[%clk 0:26:38]} Rxa5 {[%clk 0:32:18]} 32. Rxc6 {[%clk 0:27:01]} Ra4
{[%clk 0:32:15]} 33. Kf3 {[%clk 0:24:18]} Kg8 {[%clk 0:31:35]} 34. b3
{[%clk 0:23:14]} Ra2 {[%clk 0:30:33]} 35. Rcc7 {[%clk 0:21:25]} Rb2
{[%clk 0:29:20]} 36. b4 {[%clk 0:17:35]} Kg7 {[%clk 0:27:36]} 37. Re7
{[%clk 0:14:53]} Kf6 {[%clk 0:26:31]} 38. g4 {[%clk 0:13:49]} h6 {[%clk 0:26:38]}
39. Rec7 {[%clk 0:14:02]} g5 {[%clk 0:26:01]} 40. Rb6+ {[%clk 0:12:35]} Kg7
{[%clk 0:26:17]} 41. hxg5 {[%clk 0:12:49]} hxg5 {[%clk 0:26:38]} 42. Re7
{[%clk 0:12:20]} Rh8 {[%clk 0:20:45]} 43. Rbb7 {[%clk 0:11:48]} Rb3+
{[%clk 0:14:28]} 44. Kg2 {[%clk 0:12:00]} Rh4 {[%clk 0:14:01]} 45. Rxf7+
{[%clk 0:11:55]} Kg6 {[%clk 0:13:46]} 46. Rg7+ {[%clk 0:07:07]} Kf6
{[%clk 0:14:08]} 47. Rgf7+ {[%clk 0:04:24]} Ke6 {[%clk 0:12:06]} 48. Rfe7+
{[%clk 0:02:31]} Kf6 {[%clk 0:12:00]} 49. Rf7+ {[%clk 0:02:03]} Ke6
{[%clk 0:12:21]} 50. Rfe7+ {[%clk 0:02:05]} Kd6 {[%clk 0:12:24]} 51. Red7+
{[%clk 0:01:43]} Ke6 {[%clk 0:12:45]} 52. Re7+ {[%clk 0:02:08]} Kf6
{[%clk 0:13:09]} 53. Rf7+ {[%clk 0:02:31]} 1/2-1/2